• 首页
  • 本馆介绍
  • 公告通知
  • 最新文献
  • 馆藏检索
  • 电子资源
  • 读者导购
  • 参考咨询
  • 我的图书馆
  • 登录
  • 详细信息显示
  • 放入我的书架
  • 预约/预借图书
  • 作者相关作品
  • 分类相关作品
  • 丛书相关作品
  • 出版社相关作品

书目信息

  • 表格格式
  • 工作单格式
  • 卡片格式
题名:
中华人民共和国通鉴
    
 
作者: 龙德 主编
分册:  
出版信息: 北京   学苑  1994
页数: 969页
开本: 26cm
丛书名:
单 册:
中图分类: K270.5 , K27
科图分类:
主题词: 现代史-中国--大事记--1949~1994
电子资源:
ISBN: 7-5077-0977-9
000 00724nam0 2200241 45
001 0195010058
005 20061117082441.87
010    @a7-5077-0977-9@dCNY84.50(精装:$97.50,豪华装:$104)
100    @a19950204d1994 em y0chiy0121 ea
101 0  @achi
102    @aCN@b110000
105    @ay z 000yd
200 10 @a中华人民共和国通鉴@AZHONG HUA REN MIN GONG HE GUO TONG JIAN@f龙 德等主编@FLONG DE DENG ZHU BIAN
210    @a北京@c学苑@d1994
215    @a969页@d26cm
540 1  @a通鉴@ATONG JIAN
606    @a现代史-中国@x大事记@z1949~1994
607    @a中国-现代史@x大事记@z1949~1994
690    @aK270.5@v三版
690    @aK27@v3
701  0 @a龙德@ALONG DE@4主编
801  0 @aCN@bTSSF@c20061117
905    @a10447@dK27@e24
    
    中华人民共和国通鉴/龙 德等主编.-北京:学苑,1994
    969页;26cm
    
    
    ISBN 7-5077-0977-9:CNY84.50(精装:$97.50,豪华装:$104)
    
●
相关链接 在E读中查询图书 在五车中查询图书 在当当中查询图书 在豆瓣中查询图书


正题名:中华人民共和国通鉴     索取号:K27/24         预约/预借

序号 登录号 条形码 馆藏地/架位号 状态 备注
1 0271868   202084270   第二样本阅览室/ [索取号:K27/24] 在馆    
唐山师范学院图书馆 欢迎您!
大连网信软件有限公司© 版权所有